000 00458nam a2200157 i 4500
001 89530
003 ES-MaACL
005 20230906180218.0
007 t|
008 050111s1919 fr ||||1| fre d
100 1 _aLa Sizeranne, Robert de.
_969181
245 1 2 _aL'Art pendant la guerre
_b: 1914-1918 : leur art /
_cRobert de La Sizeranne.
260 _aParĂ­s :
_b[s.n.,
_c1919] (
_fImp. Lahure)
300 _a263 p. ;
_c19 cm.
852 _aES-MaACL
_jF-10548
999 _c89530
_d89530